000 00526nam a2200145 a 4500
008 120416s1956 ||||||||||||||||| || u
050 _aQA 931 Jae
100 _aJaeger, John Conrad
245 1 0 _aElasticity, Fracture and flow
246 _awith engineering and geological applications
260 _aLondon
_bMethuen & co
_c1956
300 _aviii, 268p. : ill.
350 _a0.00
995 _D0.00
_FCBU-MAIN LIBRARY (Kitwe)
_H1
_I3.10
_UDAMAGED
_ZMain Library Open Access Collection
999 _c41408
_d41408